000 00274nam a2200121Ia 4500
008 190216s9999||||xx |||||||||||||| ||und||
100 _aTerry And Franklin
245 0 _aPrinciples Of Management
260 _bNull
_c1991
300 _a614p
650 _aCommerce
942 _cBK
999 _c5490
_d5490